000 00207nam a2200085Ia 4500
008 120527s9999 xx 000 0 und d
100 _aMiller, L. Roger
245 _aEconomics today the macro view
942 _cBK
999 _c26902
_d26902